000 00655nam a22002057a 4500
005 20240530110532.0
008 160321s2012 ua g 000 f ara d
017 _b2012/14410
_dمصر . دار الكتب المصرية
020 _a9789770931462
040 _aEG-CaGPL
082 0 4 _221
_a813.01\
_bط ك
100 0 _aطالب الرفاعى .
245 1 2 _aالكرسى :
_bقصص /
_cطالب الرفاعى .
250 _aط1.
260 _aالقاهرة :
_bدار الشروق ،
_c2012 .
300 _a121 ص ؛
_c20 سم .
650 0 4 _aالقصص العربية .
942 _2ddc
_cBK
999 _c62112
_d62112